Statistiques concernant Focus sur: Nerdanel - Tolkien

Cliquez ici pour prendre le quiz!

Statistiques générales

  • Ce quiz a été pris 6 fois
  • Le résultat moyen est 10 sur 17

Statistiques - réponses

Informations recherchéesRéponses% Correct
EspèceElfe
100%
Première apparitionLe Silmarillion
100%
Groupe de l'espèceNoldor
83%
Amras
67%
Age durant lequel elle vécutAnnées des Arbres
67%
Couleur des cheveuxBrun
67%
ContréeValinor
67%
Amrod
50%
Caranthir
50%
Celegorm
50%
Curufin
50%
EpouxFëanor
50%
FilsMaedhros
50%
Maglor
50%
CitéTirion
50%
PèreMahtan
17%
ProfessionSculptrice
17%

Distribution des résultats

Percentile par nombre de réponses

% des personnes avec chaque résultat

Votre développement - résultats

Vous n’avez pas pris ce quiz